Normal view
MARC view
Entry Personal Name
001 - CONTROL NUMBER
- control field: 19587
003 - CONTROL NUMBER IDENTIFIER
- control field: IT-RoPau
005 - DATE AND TIME OF LATEST TRANSACTION
- control field: 20140408172122.0
008 - FIXED-LENGTH DATA ELEMENTS
- fixed length control field: 140408|| aca||aabn | a|a d
040 ## - CATALOGING SOURCE
- Original cataloging agency: IT-RoPau
- Transcribing agency: IT-RoPau
100 ## - HEADING--PERSONAL NAME
- Personal name:
- Relator term: Autore testo
670 ## - SOURCE DATA FOUND
- Source citation: Work cat.: (IT-RoPau)101002: Taddei Nazareno 19586, Linguaggio della fotografia (Il)-Parte prima (120 diapos.)